000
00188 a2200097 4500
001
3458
100
_a
Durrell, L
245
_a
Bitter Lemons
260
_a
_b
Taber
_c
090
_c
2724
_d
2724
942
_a
NUST-CAE
_c
M
_c
19158
999
_c
238531
_d
238531